000 00592nam a2200205Ii 4500
001 11381
003 CO-ViMGA
008 241108s9999||||xx |||||||||||||| ||und||
040 _aCO-ViMGA
_bspa
_erda
_cCO-ViMGA
041 0 _aunk
082 0 4 _a863-P437
100 1 _aRamón Pérez de Ayala
_956759
245 1 0 _aTigre Juan
264 1 _a[Lugar de publicación no identificado] : Espasa Calpe, 1941
300 _avolumen
336 _atext
_btxt
_2rdacontent
337 _aunmediated
_bn
_2rdamedia
338 _avolume
_bnc
_2rdacarrier
940 _aidficha_siabuc: 11107. -- ficha_no_siabuc:11381
999 _c54887
_d54887